000 00509nam a2200181Ia 4500
999 _c37337
_d37337
003 OSt
005 20200929101636.0
008 190216s9999||||xx |||||||||||||| ||und||
040 _coclc
082 _a591.3
_bMCW/V
100 _aMcewen, Robert S
_95108
245 0 _aVertebrate Embryology /
_cRobert S Mcewen
250 _a4th Ed.
260 _bOxford & I B H Publishing,
_c1949.
_aNew Delhi:
300 _a701p
650 _aZoology
942 _cBK
_2ddc
_h591.3
_iMCE/V
_k591.3
_mMCE/V